Moment theory and some inverse problems in potential thoery and heat conduction

Αποθηκεύτηκε σε:
Λεπτομέρειες βιβλιογραφικής εγγραφής
Άλλοι συγγραφείς: Ang, Dang Dinh 1928-
Μορφή: Βιβλίο
Γλώσσα:English
Δημοσίευση: Berlin ; New York : Springer, c2002
Σειρά:Lecture notes in mathematics (Springer-Verlag) ; 1792
Θέματα:
Ετικέτες: Προσθήκη ετικέτας
Δεν υπάρχουν, Καταχωρήστε ετικέτα πρώτοι!

MARC

LEADER 00000nam a2200000 i 4500
001 1/67334
008 041130s2002 eng d
020 |a 3540440062 
035 |l 10075565 
040 |a GR-MY-UA  |b gre  |e aacr 
041 0 |a eng 
082 0 |a 515  |2 (21) 
245 1 0 |a Moment theory and some inverse problems in potential thoery and heat conduction /  |c Dang Dinh...[et al.]. 
260 |a Berlin ; New York :   |b Springer,   |c c2002 
300 |a viii, 183 σ.;  |c 24 εκ. 
490 1 |a Lecture notes in mathematics  |v ; 1792 
504 |a Περιέχει βιβλιογραφικές αναφορές και ευρετήριο 
650 0 0 |a Moment problems (Mathematics) 
650 0 0 |a Inverse problems (Differential equations) 
650 0 0 |a Potential theory (Mathematics) 
650 0 0 |a Heat  |x Convection  |x Mathematics. 
700 1 |a Ang, Dang Dinh  |d 1928- 
830 0 |a Lecture notes in mathematics (Springer-Verlag)  |v ; 1792 
852 |a INST  |b SAMOS  |e 20041130  |h 515 MOM  |p 005300022609  |q 005300022609  |t BK  |y 0 
901 |a BIBL3-2004-3 
909 |a Σ  |b 116547 
922 |a 3ΕΛΗ  |b 200410  |c ΕΠΕΑΕΚ2/ΤΜΗΜΑ ΜΑΘΗΜΑΤΙΚΩΝ  |d ΜΙΧΑΛΟΠΟΥΛΟΣ 
950 |a 116-2004-10-10 
970 |a ΚΟΣΙΕΡΗΣ  |b ΧΡΗΣΤΟΣ  |z 2004/12/01